000 00327nam a2200121Ia 4500
008 240719s9999 xx 000 0 und d
041 _aeng
082 _a300.72 BAR
100 _aBaranov, David
245 _aConceptual Foundations Of Social Research Methods
260 _aNew Delhi
_bRoutledge
_c2005
300 _a190;. P. 23 Cm
999 _c41144
_d41144